MARC details
| 000 -LEADER |
| fixed length control field |
01188cam a2200313 a 4500 |
| 001 - CONTROL NUMBER |
| control field |
3368277 |
| 003 - CONTROL NUMBER IDENTIFIER |
| control field |
OSt |
| 005 - DATE AND TIME OF LATEST TRANSACTION |
| control field |
20160418113213.0 |
| 008 - FIXED-LENGTH DATA ELEMENTS--GENERAL INFORMATION |
| fixed length control field |
870807s1988 onca b 000 0 eng |
| 010 ## - LIBRARY OF CONGRESS CONTROL NUMBER |
| LC control number |
87023196 |
| 020 ## - INTERNATIONAL STANDARD BOOK NUMBER |
| International Standard Book Number |
0553213059 (pbk.) |
| 040 ## - CATALOGING SOURCE |
| Original cataloging agency |
SEKU |
| 050 00 - LIBRARY OF CONGRESS CALL NUMBER |
| Classification number |
PR 2831 |
| Item number |
.B4 |
| 100 1# - MAIN ENTRY--PERSONAL NAME |
| Personal name |
Shakespeare, William, |
| Dates associated with a name |
1564-1616. |
| 245 10 - TITLE STATEMENT |
| Title |
Romeo and Juliet / |
| Statement of responsibility, etc. |
William Shakespeare ; edited by David Bevington ; David Scott Kastan, James Hammersmith, and Robert Kean Turner, associate editors ; with a foreword by Joseph Papp. |
| 260 ## - PUBLICATION, DISTRIBUTION, ETC. (IMPRINT) |
| Place of publication, distribution, etc. |
Toronto ; |
| -- |
New York : |
| Name of publisher, distributor, etc. |
Bantam Books, |
| Date of publication, distribution, etc. |
1988. |
| 300 ## - PHYSICAL DESCRIPTION |
| Extent |
xxxvii, 166 p. : |
| Other physical details |
ill. ; |
| Dimensions |
18 cm. |
| 490 0# - SERIES STATEMENT |
| Series statement |
A Bantam classic |
| 500 ## - GENERAL NOTE |
| General note |
"Bantam edition with newly edited text and substantially revised, edited, and amplified notes, introductions, and other materials"--T.p. verso. |
| 504 ## - BIBLIOGRAPHY, ETC. NOTE |
| Bibliography, etc |
Bibliography: p. [157]-162. |
| 650 #0 - SUBJECT ADDED ENTRY--TOPICAL TERM |
| Topical term or geographic name as entry element |
Romeo (Fictitious character) |
| Form subdivision |
Drama. |
| 650 #0 - SUBJECT ADDED ENTRY--TOPICAL TERM |
| Topical term or geographic name as entry element |
Juliet (Fictitious character) |
| Form subdivision |
Drama. |
| 650 #0 - SUBJECT ADDED ENTRY--TOPICAL TERM |
| Topical term or geographic name as entry element |
Vendetta |
| General subdivision |
Drama. |
| 650 #0 - SUBJECT ADDED ENTRY--TOPICAL TERM |
| Topical term or geographic name as entry element |
Youth |
| General subdivision |
Drama. |
| 651 #0 - SUBJECT ADDED ENTRY--GEOGRAPHIC NAME |
| Geographic name |
Verona (Italy) |
| General subdivision |
Drama. |
| 655 #7 - INDEX TERM--GENRE/FORM |
| Genre/form data or focus term |
Tragedies. |
| Source of term |
gsafd |
| 700 1# - ADDED ENTRY--PERSONAL NAME |
| Personal name |
Bevington, David M. |
| 942 ## - ADDED ENTRY ELEMENTS (KOHA) |
| Source of classification or shelving scheme |
Library of Congress Classification |
| Koha item type |
General circulation |